01383cam a2200289 a 450000500170000000800410001702000150005804000230007304100080009604400070010408200200011111001400013124502620027126000410053330000220057450400420059650501630063861000460080165000590084765000220090665000420092870000340097070000190100470000230102370000200104674000270106620180803170148.0010601s2000 ck r f00010 spa d a9586833488 ala cladCO-BoIAVH0 aspa ack04a352.086 bP65p 2 aPontificia Universidad Javeriana. bFacultad de Estudios Ambientales y Rurales. bInstituto de Estudios Ambientales para el Desarrollo.00aPara participar: Consejos Municipales de Desarrollo Rural : bLa guía de los CMDR / cPontificia Universidad Javeriana, Facultad de Estudios Ambientales y Rurales, Instituto de Estudios Ambientales para el Desarrollo ; autores Luisa Piedrahta ...[et al.]. aBogotá : bLa Universidad, c2000. a128 p. ; c21 cm. aIncluye referencias bibliográficas. aLa participación. El desarrollo rural. Los CDMR: una oportunidad para la participación. Los CDMR según la ley. Que son los CDMR Las funciones del CMDR. 20aConcejos municipales de desarrollo rural. aAdministración municipalx Legislaciónz Colombia. aDesarrollo rural. 6aPlanificación municipalz Colombia.1 aPiedrahíta, Luisa.eEditora1 aCastro, Magaly1 aCortés, Mauricio1 aDíaz, Liliana32aLa guía de los CMDR.